000 00303nam a2200133 i 4500
001 bg
245 0 _aErfassung und Auswirkungen von Luftverunreinigungen.
260 _aLeipzig,
_c1972.
040 _cBPK
041 _apol
080 _a628
942 _cKS
008 s pl f |000 0 pol
999 _c15490
_d15490
856 _uhttp://koha.tu.koszalin.pl/cgi-bin/koha/opac-detail.pl?biblionumber=15490
_yKatalog online BPK